अमृतसर* इन्दिरा गांधी की आखिरी लडाई, अनु उदय प्रकाश (Record no. 341031)

MARC details
000 -LEADER
fixed length control field 00952nam a2200241Ia 4500
003 - CONTROL NUMBER IDENTIFIER
control field OSt
005 - DATE AND TIME OF LATEST TRANSACTION
control field 20220923220622.0
008 - FIXED-LENGTH DATA ELEMENTS--GENERAL INFORMATION
fixed length control field 220922b |||||||| |||| 00| 0 hin d
037 ## - SOURCE OF ACQUISITION
Terms of availability Textual
040 ## - CATALOGING SOURCE
Original cataloging agency ARTS
Transcribing agency ARTS
Language of cataloging hin
041 ## - LANGUAGE CODE
Source of code hin
Language code of text/sound track or separate title hin
100 ## - MAIN ENTRY--PERSONAL NAME
Personal name हली, मार्क; जेकव, सतीश
9 (RLIN) 164385
245 #0 - TITLE STATEMENT
Title अमृतसर* इन्दिरा गांधी की आखिरी लडाई, अनु उदय प्रकाश
246 ## - VARYING FORM OF TITLE
Title proper/short title Amṛutasara: indirā gāandhī kī ākhirī laḍāī, anu0 udaya prakāsha
260 ## - PUBLICATION, DISTRIBUTION, ETC.
Place of publication, distribution, etc. नई दिल्ली
Name of publisher, distributor, etc. राधाकृष्ण प्रकाशन
Date of publication, distribution, etc. 1986
300 ## - PHYSICAL DESCRIPTION
Extent 239 पृ.
Dimensions cm.
942 ## - ADDED ENTRY ELEMENTS (KOHA)
Classification part V243:11.N84, 152M6
Koha item type Textual
Source of classification or shelving scheme Colon Classification (CC)
Holdings
Withdrawn status Lost status Damaged status Not for loan Home library Current library Date acquired Total Checkouts Full call number Barcode Date last seen Price effective from Koha item type
        Arts Library Arts Library 2022-09-23   V243:11.N84 152M6 AL1123398 2022-09-23 2022-09-23 Textual
Copyright @ Delhi University Library System